[Event "World Junior U20 Open 2018"]
[Site "Gebze"]
[Date "2018.09.07"]
[Round "3.35"]
[White "Haldorsen, Benjamin"]
[Black "Milosevic, Milos"]
[Result "1-0"]
[WhiteElo "2461"]
[BlackElo "2292"]
[Annotator "TA"]
[PlyCount "99"]
[EventDate "2018.09.05"]
[EventType "swiss"]
[EventCountry "TUR"]
[SourceTitle "playchess.com"]
[Source "ChessBase"]
[SourceQuality "1"]

{[%evp 21,99,0,19,27,26,37,8,0,29,-47,27,-29,-27,-22,37,29,22,-44,-13,-27,-13,-37,0,-54,8,0,93,83,213,110,226,231,240,241,226,220,377,381,381,381,377,369,373,373,354,307,394,376,406,405,382,392,381,381,377,359,349,321,444,480,480,480,874,874,874,874,874,872,874,856,847,847,762,775,895,709,840,778,680,638]} 1. Nf3 f5 2. d4 Nf6 3. c4 d6 4. Nc3 g6 5. g3 Bg7 6. Bg2 O-O 7. O-O Qe8 8. Re1 Qf7 9. e4 {A87: Dutch Defence: Leningrad System: 5 Nf3} fxe4 10. Nxe4 (10. Ng5 Qxc4 11. Ngxe4 Nxe4 12. Rxe4 Qf7 13. Rf4 Bf6 14. Nd5 g5 15. Rf3 Nc6 16. h3 h6 17. Nxf6+ exf6 {0-1 (71) Bacrot,E (2686)-Ivanchuk,V (2720) Ashdod 2015}) 10... Nc6 11. Neg5 Qxc4 {LiveBook: 3 Games} 12. b3 Qb4 13. a3 $146 ({Predecessor:} 13. d5 Ne5 14. Nxe5 dxe5 15. Bd2 Qd6 16. Be3 Ng4 {1-0 (42) Mareco,S (2605)-Walinder,L (2170) Lidkoping 2015}) 13... Qb6 14. a4 Ng4 {[%cal Rc6d4]} 15. Bb2 {[#]} (15. Ra2 $1 $11) 15... a5 (15... Nxf2 $1 $15 {[%mdl 512]} 16. Qe2 (16. Kxf2 Nxd4) 16... Bf6) 16. Qc2 (16. Re2 $142) 16... Nb4 $36 {[%mdl 2048] Black is pushing.} 17. Qd2 Bf5 (17... c6 $11) 18. Rxe7 $14 Nd5 19. Ree1 (19. Rxg7+ $11 Kxg7 20. Nxh7 $1 {[%mdl 512]}) 19... Qxb3 {Threatening ...Rae8.} 20. Nh4 {aiming for Ra3.} c6 {Threatens to win with ...Bc2.} 21. h3 Nh6 (21... Nxf2 $5 22. Ra3 Qb4 23. Bxd5+ cxd5 24. Qxf2 Bc2 $17) 22. Nxf5 (22. Ba3 $11) 22... Rxf5 ({Black should play} 22... Nxf5 $15 23. h4 Rfe8) 23. Ne6 $11 Qb4 (23... Rf7 $1 $11 {remains equal.}) 24. Qc2 $16 Re8 {[#]} (24... Nf7 $16) 25. g4 (25. Bxd5 $1 $18 cxd5 26. Re3) 25... Rf6 {[#]} (25... Rf7 $16) 26. Ba3 $1 $18 {[%cal Ra3b4]} Qc3 27. Qxc3 Nxc3 28. Nxg7 Rxe1+ $2 (28... Ne2+ 29. Kh1 (29. Kf1 Ng3+ 30. Kg1 Ne2+ 31. Kf1 Ng3+ 32. Kg1 Ne2+ $18) 29... Kxg7) 29. Rxe1 Kxg7 30. g5 Rf7 {Strongly threatening ...Nf5.} 31. gxh6+ Kxh6 32. Bxd6 Nxa4 33. Ra1 Nc3 34. Kf1 a4 35. Bb4 Nb5 36. Rxa4 Rd7 37. Bd2+ Kg7 38. Be3 Kf6 39. Bf3 Rd8 40. Rb4 {White is clearly winning.} Nd6 41. Bf4 h5 (41... Rd7 $142 42. d5 Nf5 43. dxc6 bxc6 44. Bxc6 Rd4) 42. Bxd6 Rxd6 43. Rxb7 Rxd4 {[%mdl 4096] Endgame KRB-KR} 44. Rb6 Kg7 45. Rxc6 Rb4 46. Kg2 Rd4 47. Kg3 Rb4 48. Bd1 Rb5 49. Bc2 Rg5+ 50. Kh2 {Precision: White = 66%, Black = 28%.} 1-0

[Event "World Junior U20 Open 2018"]
[Site "Gebze"]
[Date "2018.09.07"]
[Round "3.36"]
[White "Morozov, Nichita"]
[Black "Pang, Tao"]
[Result "0-1"]
[WhiteElo "2452"]
[BlackElo "2290"]
[Annotator "TA"]
[PlyCount "88"]
[EventDate "2018.09.05"]
[EventType "swiss"]
[EventCountry "TUR"]
[SourceTitle "playchess.com"]
[Source "ChessBase"]
[SourceQuality "1"]

{[%evp 19,88,-12,-4,-15,0,0,0,0,27,19,19,16,41,17,19,17,24,25,23,18,26,-14,-13,-31,-17,-20,-18,-58,-55,-46,-43,-57,-58,-147,-145,-155,-147,-208,-209,-325,-319,-456,-377,-368,-357,-365,-266,-261,-267,-324,-255,-475,-466,-460,-454,-502,-284,-526,-494,-488,-492,-581,-581,-581,-581,-581,-533,-588,-581,-579,-556]} 1. d4 d5 {[%cal Bd7d5,Bd5c4][%mdl 32]} 2. c4 e6 3. Nf3 Nf6 4. g3 dxc4 5. Bg2 c5 6. O-O Nc6 7. dxc5 Bxc5 8. Qa4 {E04: Open Catalan: 5 Nf3} O-O 9. Qxc4 Qd5 (9... Be7 10. Nc3 Bd7 11. Rd1 Rc8 12. Bg5 h6 13. Bxf6 Bxf6 14. Qd3 Qb6 15. Ne4 Be7 16. Nd6 Rcd8 17. Qb3 Qc7 18. Nb5 Qb8 19. Nbd4 Bf6 {½-½ (38) Bu,X (2710)-Lu,S (2615) Taizhou 2015}) 10. Nbd2 {[%cal Bb1d2,Bd2b3,Bb3d4,Bd4c6][%mdl 32]} Rd8 {LiveBook: 3 Games} 11. a3 $146 ({Predecessor:} 11. b3 Bb4 12. a3 Qxc4 13. Nxc4 Bc3 14. Ra2 e5 15. Bg5 h6 16. Bxf6 gxf6 {1-0 (63) Miton,K (2609)-Ljubojevic,L (2571) Linares 2013}) 11... b5 12. Qxd5 Nxd5 ({Much worse is} 12... Rxd5 13. Nb3 $14) 13. Nb3 Bf8 (13... Bb6 {looks sharper.} 14. Rd1 Bd7 15. Bd2 a5 16. Rac1 Be8) 14. Nfd4 Nxd4 15. Nxd4 a6 16. e4 (16. Nc6 $5 {[%cal Rc6d8]} Rd6 17. e4 $11) 16... Nf6 17. Nc6 Rd7 18. Na5 Bc5 19. e5 Nd5 20. Bd2 Bd4 21. Nc6 Bxb2 22. Ra2 Bb7 23. Rxb2 {And now Na5 would win.} Bxc6 24. Rc1 Bb7 25. a4 bxa4 26. Rcb1 {[#]} ({White should try} 26. Rc4 $15) 26... Bc6 $1 $17 27. Bf1 {[#]} Bb5 $1 28. Bg2 (28. Ra2 $17 {might work better.}) (28. Bxb5 axb5) 28... Rc8 $19 29. Ba5 (29. Ra1 $142) 29... Nc3 30. Re1 {[#]} (30. Bxc3 {is the only way for White.} Rxc3 31. Bf1) 30... Ne2+ $1 31. Kh1 (31. Rbxe2 Bxe2) 31... Nc1 32. Be4 Nd3 33. Bxd3 Rxd3 34. Kg1 h5 35. Bb4 $2 (35. Ra2) 35... Rb3 36. Reb1 Bc4 37. Bd6 Rc6 38. f4 $2 (38. Rxb3 {was the only defense.} axb3 39. Ba3) 38... Rcb6 {Black is clearly winning.} 39. Rxb3 axb3 {KRB-KRB} (39... Rxb3 $2 40. Rxb3 axb3 41. Ba3 $19) 40. Rb2 Bd3 41. Kf2 Bc2 42. Ke3 Kh7 43. h3 a5 44. Ba3 Rb5 {Precision: White = 27%, Black = 79%.} 0-1

[Event "World Junior U20 Open 2018"]
[Site "Gebze"]
[Date "2018.09.07"]
[Round "3.37"]
[White "Janik, Igor"]
[Black "Cadilhac, Igor Tokuichi Kikuc"]
[Result "1-0"]
[WhiteElo "2447"]
[BlackElo "2286"]
[Annotator "TA RC"]
[PlyCount "59"]
[EventDate "2018.09.05"]
[EventType "swiss"]
[EventCountry "TUR"]
[SourceTitle "playchess.com"]
[Source "ChessBase"]
[SourceQuality "1"]

{[%evp 22,59,74,61,119,80,106,94,131,131,117,108,116,96,166,168,178,114,140,122,124,136,127,123,122,130,129,120,345,312,430,399,1283,1386,29992,29993,29993,29994,29994,29995]} 1. d4 c5 2. d5 Nf6 3. c4 e6 4. Nf3 b5 5. dxe6 fxe6 6. cxb5 d5 7. e3 Bd6 8. Be2 O-O 9. O-O Bb7 10. Nbd2 Nbd7 {E10: Blumenfeld Gambit} 11. b3 Qe7 12. Qc2 {LiveBook: 4 Games} Rad8 (12... a6 $14) 13. Bb2 $16 e5 14. e4 Nxe4 15. Nxe4 dxe4 {[#]} 16. Nd2 $1 e3 17. fxe3 e4 $146 (17... Qg5 $16 {was called for.} 18. Bc4+ Kh8) ({Predecessor:} 17... Qg5 18. Bc4+ {0-1 (43) Fedoseev,V (2505)-Zeller,F (2445) Marianske Lazne 2011}) 18. Nc4 Bc7 {intending ...Qh4.} 19. Bg4 (19. Rad1 $18) 19... Nb6 20. Nxb6 axb6 21. Rxf8+ Rxf8 22. Qc4+ Kh8 23. Rf1 Rxf1+ 24. Qxf1 Bd6 $2 (24... Kg8 $16 {might work better.} 25. Qc4+ Kh8) 25. Qf5 $18 Qh4 {[#] And now ...Qe1+ would win.} 26. g3 {White threatens Qf7 and mate.} Qh6 $2 (26... Qe7 27. Be2 Bc7) 27. Qf7 {White wants to mate with Qe8+.} Qxe3+ 28. Kf1 {[%csl Gf7][%cal Rb2g7] White mates.} Qd3+ 29. Be2 {[%csl Gf7][%cal Rb2g7]} Qb1+ 30. Kg2 {Precision: White = 76%, Black = 27%.} 1-0

[Event "World Junior U20 Open 2018"]
[Site "Gebze"]
[Date "2018.09.07"]
[Round "3.38"]
[White "Yaran, Siar"]
[Black "Haria, Ravi"]
[Result "0-1"]
[WhiteElo "2271"]
[BlackElo "2442"]
[Annotator "TA"]
[PlyCount "104"]
[EventDate "2018.09.05"]
[EventType "swiss"]
[EventCountry "TUR"]
[SourceTitle "playchess.com"]
[Source "ChessBase"]
[SourceQuality "1"]

{[%evp 9,104,0,3,0,3,-1,40,0,29,25,37,41,38,37,68,66,94,31,24,33,38,15,30,44,39,-30,7,-190,-178,-274,-290,-285,-152,-432,-430,-455,-454,-443,-372,-377,-397,-356,-389,-696,-689,-684,-684,-772,-762,-716,-709,-645,-468,-850,-822,-929,-721,-761,-756,-762,-755,-752,-672,-749,-709,-785,-794,-752,-745,-752,-747,-747,-737,-797,-785,-772,-723,-800,-769,-820,-694,-1199,-1200,-1199,-1191,-994,-984,-29975,-29976,-29979,-29980,-29978,-29979,-29978,-29979,-29973,-29971]} 1. e4 e6 2. d4 d5 3. exd5 exd5 4. Bf4 Bd6 5. Qd2 (5. Bxd6 Qxd6 6. c3 Bf5 7. Bd3 Bxd3 8. Qxd3 Ne7 9. Ne2 Nd7 10. Nd2 O-O 11. O-O {½-½ (11) Vovk,A (2617)-Vovk,Y (2626) Fagernes 2015}) 5... Ne7 6. Nc3 {C01: French: Exchange Variation} c6 7. O-O-O Bf5 8. Nge2 {White is slightly better.} O-O $146 ({Predecessor:} 8... Qc7 9. Bxd6 Qxd6 10. f3 Nd7 11. g4 Bg6 12. f4 f5 {0-1 (30) Keller,J (1926)-Schmidt,T (2050) Gruenbach 2014}) 9. f3 b5 10. g4 Be6 11. h4 Bb4 12. h5 Nd7 13. h6 (13. a3 $16 Ba5 14. Kb1) 13... g6 $14 14. a3 Ba5 $1 15. Qe3 Nc8 16. Bg5 Qc7 $1 17. Nf4 (17. Kb1 $14) 17... Re8 $11 18. Bxb5 $2 {[#]} (18. Nce2 $11 {and White is okay.}) 18... Nd6 $1 $19 19. Bd3 (19. Be2 {keeps fighting.}) 19... Bxc3 $1 20. bxc3 Qa5 $40 {[%mdl 128] Black has strong attack.} (20... Bxg4 $19 21. Qf2 Bf5) 21. Ne2 $2 (21. Rde1 $17) 21... Bf5 22. gxf5 {[#] Black must now prevent Qf4.} Rxe3 23. Bxe3 Re8 24. Bf4 Nc4 25. Bxc4 dxc4 26. Kd2 $2 (26. Rde1 Qxf5 27. Kb2) 26... Qxf5 27. Rh4 Nb6 28. Ng3 Qf6 29. Rg4 Nd5 30. Ne4 Qe6 {Threatens to win with ...f5.} 31. Be5 (31. Re1 $142 Qd7 32. Bg5) 31... f6 32. Nd6 Re7 33. Nxc4 fxe5 34. Nxe5 Nf6 35. Rf4 Nd7 36. Re1 Nxe5 37. Rxe5 Qd6 38. Rfe4 Rxe5 39. Rxe5 {[%mdl 4096] Endgame KQ-KR} Kf7 40. Ra5 Qf4+ 41. Ke2 Qxh6 42. Rxa7+ Ke6 43. Ra6 Kd6 44. c4 Qh2+ 45. Ke3 Qxc2 46. d5 Qc3+ 47. Kf2 Ke5 48. Rxc6 Kf4 {Black mates.} 49. Ke2 Qc2+ 50. Ke1 Kxf3 {[%csl Gf3][%cal Rc2e2]} 51. Rf6+ Ke3 {[%csl Ge3][%cal Rc2e2]} 52. Re6+ Kd3 {Precision: White = 37%, Black = 66%.} 0-1

[Event "World Junior U20 Open 2018"]
[Site "Gebze"]
[Date "2018.09.07"]
[Round "3.39"]
[White "Nogerbek, Kazybek"]
[Black "Escalante Ramirez, Brian Sebasti"]
[Result "1/2-1/2"]
[WhiteElo "2261"]
[BlackElo "2436"]
[Annotator "TA RC"]
[PlyCount "113"]
[EventDate "2018.09.05"]
[EventType "swiss"]
[EventCountry "TUR"]
[SourceTitle "playchess.com"]
[Source "ChessBase"]
[SourceQuality "1"]

{[%evp 23,113,0,0,-35,-33,-59,-12,-59,-56,-57,-60,-64,-47,-59,-48,-78,-78,-88,-88,-97,-100,-107,-98,-118,-79,-90,-72,-106,-103,-109,-116,-129,-115,-143,-95,-87,-86,-179,-81,-85,-88,-89,-62,-86,-80,-109,-109,-103,-93,-90,-94,-93,-89,-100,-93,-122,-122,-121,-120,-106,-103,-94,-45,-43,-45,-231,-218,-224,-233,-217,-209,-164,-126,-161,-130,-125,-47,-47,-8,-8,-8,-8,-8,-8,-8,-8,-8,-8,-8,-8,-8,-8]} 1. d4 d5 2. Nf3 Bf5 3. c4 e6 4. g3 Nf6 5. Bg2 h6 6. O-O c6 7. Nc3 Nbd7 8. Nd2 Be7 9. e4 dxe4 10. Ndxe4 O-O 11. Bf4 Nxe4 {D11: Slav Defence: 3 Nf3 sidelines and 3...Nf6 4 e3 Bg4} 12. Nxe4 Nf6 {LiveBook: 9 Games} 13. Nxf6+ Bxf6 {Black is slightly better.} 14. Qb3 Bxd4 $146 ({Predecessor:} 14... Qxd4 15. Qxb7 Qxb2 16. Bxc6 Rac8 17. Bd6 Qxb7 18. Bxb7 Rxc4 19. Rac1 Rxc1 20. Rxc1 {0-1 (81) Al Khateeb,A (2320)-Skatchkov,P (2435) Decin 1997}) 15. Rad1 Qb6 16. Qxb6 Bxb6 17. b4 Rfe8 18. Rfe1 Rac8 19. c5 Bc7 20. Bxc7 Rxc7 21. Rd6 Kf8 22. f4 Ke7 23. Red1 g5 24. R1d4 Bb1 25. a3 Ba2 26. f5 exf5 27. Rxh6 Be6 28. h4 Rg8 29. Kf2 Rcc8 30. Bh3 {[#]} (30. a4 $17 {might work better.}) 30... gxh4 (30... g4 $1 $19 {[%cal Rg4h3] is more deadly.} 31. Bg2 Rgd8 32. Rxd8 Rxd8) 31. Rhxh4 $17 b6 32. Bg2 bxc5 33. bxc5 a5 34. Rd6 Rb8 35. Rhd4 Rb5 36. a4 Rxc5 {[#] Threatens to win with ...Bd5.} 37. Rxc6 Re5 38. Rb6 Rc8 39. Bc6 Rc5 40. Bb5 Rc2+ 41. Ke3 Rg8 42. Kf3 Rc3+ 43. Rd3 Bd5+ 44. Ke3 $2 ({White should try} 44. Kf4 $15 Rc5 45. Re3+ Be6 46. Ra6) 44... Rxg3+ $19 45. Kd4 Rcxd3+ 46. Bxd3 {[%mdl 4096] Endgame KRB-KRB} Be6 47. Bb5 Rg4+ 48. Ke3 Bd5 49. Ra6 f4+ ({Better is} 49... Rb4 $17 50. Kd2 Be6 51. Rxa5 f4) 50. Kd4 $15 Bg2 {With the idea ...Rg5.} 51. Rxa5 {The position is equal.} Rg5 {aiming for ...Rd5+.} 52. Ra7+ Kf8 {Hoping for ...Rd5+.} 53. Bc4 Rf5 {White must now prevent ...f3.} 54. a5 f3 55. Rxf7+ $1 Rxf7 56. Bxf7 Kxf7 (56... f2 $5 57. Bc4 $8 f1=Q 58. Bxf1 Bxf1 $11) 57. Ke3 {Precision: White = 39%, Black = 69%.} 1/2-1/2

[Event "World Junior U20 Open 2018"]
[Site "Gebze"]
[Date "2018.09.07"]
[Round "3.40"]
[White "Thilakarathne, G M H"]
[Black "Sibashvili, Giorgi"]
[Result "1/2-1/2"]
[WhiteElo "2238"]
[BlackElo "2425"]
[Annotator "TA"]
[PlyCount "76"]
[EventDate "2018.09.05"]
[EventType "swiss"]
[EventCountry "TUR"]
[SourceTitle "playchess.com"]
[Source "ChessBase"]
[SourceQuality "1"]

{[%evp 28,76,52,45,54,31,42,22,41,31,31,16,28,8,6,12,32,26,33,31,37,32,46,27,31,36,32,43,64,8,22,21,32,0,0,0,0,0,0,0,0,0,0,0,0,0,0,0,0,0,0]} 1. e4 e6 2. d4 d5 3. Nd2 Nf6 4. e5 Nfd7 5. Bd3 c5 6. c3 Nc6 7. Ne2 cxd4 8. cxd4 f6 9. exf6 Nxf6 10. O-O Bd6 11. Nf3 Qc7 12. h3 O-O 13. Be3 {C06: French Tarrasch: 3...Nf6 4 e5 Nfd7 5 Bd3 main lines} Bd7 14. Re1 Rae8 (14... Be8 15. Ng5 Bf7 16. Rc1 Kh8 17. a3 Bg8 18. b4 a6 19. g3 h6 20. Nf4 Bxf4 21. Bxf4 {1-0 (38) Navara,D (2729)-Michiels,B (2563) Wijk aan Zee 2015 CBM 165 [Navara,D]}) 15. Rc1 {LiveBook: 25 Games. White is slightly better.} Qa5 $146 ({Predecessor:} 15... Re7 16. Ne5 Be8 17. Nc3 Bxe5 18. dxe5 Qxe5 19. Bxa7 Qd6 20. Nb5 Qd7 {1-0 (31) Arizmendi Martinez,J (2507)-Ruperez Benito,A (2329) Escaldes 2018}) 16. a3 e5 17. dxe5 Nxe5 18. Nxe5 Bxe5 19. Qb3 Bc6 20. Qb4 Qxb4 21. axb4 Bxb2 22. Rb1 Be5 23. Bxa7 Ne4 24. Rbc1 Ra8 25. Be3 Ra2 26. b5 Bd7 27. Red1 {aiming for Bxe4.} Bf5 28. f4 (28. Nd4 $14 Bg6 29. Ne6) 28... Bb8 29. g4 Bg6 30. Rc2 (30. b6 {seems wilder.} Rb2 31. f5 Bf7 32. Rb1 Rxb1 33. Bxb1 Be5 34. Bxe4 dxe4 35. Rd7) 30... Rxc2 {The position is equal.} 31. Bxc2 Ng3 32. Nxg3 Bxc2 33. Rxd5 Bxf4 34. Bxf4 Rxf4 $11 {KRB-KRN} 35. Rd8+ Rf8 36. Rd7 Rf7 37. Rd8+ Rf8 38. Rd7 Rf7 {Precision: White = 63%, Black = 50%.} 1/2-1/2

[Event "World Junior U20 Open 2018"]
[Site "Gebze"]
[Date "2018.09.07"]
[Round "3.41"]
[White "Raja Harshit"]
[Black "Agdelen, Huseyin Can"]
[Result "1/2-1/2"]
[WhiteElo "2419"]
[BlackElo "2280"]
[Annotator "TA"]
[PlyCount "109"]
[EventDate "2018.09.05"]
[EventType "swiss"]
[EventCountry "TUR"]
[SourceTitle "playchess.com"]
[Source "ChessBase"]
[SourceQuality "1"]

{[%evp 18,109,28,30,2,-95,-96,-77,-79,-72,-75,-107,-105,-143,-91,-72,-70,-64,0,0,0,-154,-121,-112,-110,-97,-112,-139,-131,-214,-201,-185,-81,-85,-122,-99,-60,-162,-161,-163,-160,-173,-118,-163,-33,-30,0,0,0,0,0,0,0,-49,0,0,0,0,75,0,0,0,0,0,0,0,0,0,0,-78,0,0,0,-10,-7,-58,-60,-73,-16,-16,0,0,0,0,0,-7,0,-34,-10,-10,0,0,0,0]} 1. e4 c5 2. Nf3 d6 3. d4 cxd4 4. Nxd4 Nf6 5. Nc3 a6 6. Bg5 e6 7. f4 h6 8. Bh4 Qb6 9. a3 Nbd7 {B96: Sicilian Najdorf: 6 Bg5 e6 7 f4, lines other than 7...Qb6 and 7...Be7} (9... Be7 10. Bf2 Qc7 11. Qf3 Nbd7 12. O-O-O b5 13. g4 Bb7 14. h4 Nc5 15. Bd3 h5 16. g5 Ng4 17. Rhg1 {½-½ (25) Grischuk,A (2766)-Vachier Lagrave,M (2779) Saint Louis 2018}) 10. Be2 {LiveBook: 3 Games} Be7 11. Bf3 $146 {[#]} (11. Bf2 $11 Qc7 12. O-O) ({Predecessor:} 11. Bf2 Qc7 12. Bf3 O-O 13. Qe2 Re8 14. O-O-O Bf8 15. Nb3 e5 16. f5 b5 17. g4 {½-½ (38) Bobras,P (2513)-Sadzikowski,D (2584) Bialystok 2017}) 11... Nxe4 $1 $17 {[%mdl 512] Black is better.} 12. Bxe7 (12. Nxe4 Bxh4+) 12... Nxc3 13. bxc3 {And now Bh4 would win.} Kxe7 14. Rb1 Qc5 15. O-O Ra7 (15... e5 $142 $1 16. Qe2 Kd8) 16. Kh1 Nf6 (16... Qxa3 $6 17. Nxe6 $1 {[%mdl 512]} fxe6 18. Qd4 $11) 17. Qd3 Rd8 ({Black should try} 17... Bd7 $15) 18. g4 $11 Nd5 ({But not} 18... Qxa3 $6 19. g5 $16) 19. Nf5+ $2 (19. Qh7 $11 Nxf4 20. Qxg7) 19... Kf8 20. Bxd5 Qxd5+ ({Much weaker is} 20... exd5 $6 21. g5 $11) 21. Qxd5 exd5 22. Nd4 Bxg4 23. f5 (23. Rb6 $17) 23... Rc8 $19 24. Rb6 Ke7 (24... Rxc3 $19 {is more deadly.} 25. Rxd6 Ra8) 25. Re1+ $17 Kd7 26. Rg1 Bh5 27. Rg3 ({Only move:} 27. Rxg7 $15 Rxc3 28. Rh7) 27... g6 28. Re3 Kc7 29. Rb1 {[#]} gxf5 (29... b5 $1 $19 30. a4 Kb6) 30. Re7+ Kb8 (30... Kd8 $19 31. Rbe1 Rxc3 32. Nxf5 Bg4 33. Rxf7 Bxf5 34. Rxf5 Kc7 35. Rxd5 Ra8) 31. Rb6 $1 $15 Bg6 32. a4 Rxc3 33. a5 Rc8 34. Rxd6 f4 35. c3 Be4+ 36. Kg1 Rxc3 37. Rxf7 Rc7 {[#]} (37... Ra8 $11 {remains equal.}) 38. Ne6 (38. Rf8+ $1 $16 Rc8 39. Rxc8+ Kxc8 40. Ne6) 38... Rc1+ 39. Kf2 {Intending Rf8+ and mate.} Rc2+ 40. Ke1 Rc1+ 41. Kd2 {White threatens Rf8+ and mate.} Rc2+ 42. Kd1 {Rf8+ would kill now.} Rc8 $1 43. Nf8 (43. Rxf4 $11 h5 44. Ke2) 43... Bc2+ (43... Ra8 $17 {Hoping for ...Ka7.} 44. Ne6 Bc2+ 45. Ke2 Bg6) 44. Kd2 $11 Ba4 $1 45. Rb6 Be8 46. Rxf4 (46. Rh7 $11) 46... Ra8 $15 47. Rfb4 {[%csl Gb4][%cal Rb6b7]} Bb5 ({Black should play} 47... Bc6 $17 {Strongly threatening ...Kc7.} 48. Rf4 Ka7) 48. Ne6 $1 $11 Rc4 (48... Ka7 {with more complications.} 49. Nd4 Rc5 50. Nxb5+ axb5 51. Rxh6 Rac8) 49. Rxc4 dxc4 {[%mdl 4096] Endgame KRB-KRN} 50. Nd4 Ka7 51. Rxh6 Rg8 52. Rb6 Rg2+ 53. Kc3 {The position is equal.} Rxh2 54. Nxb5+ axb5 55. Rxb5 {Precision: White = 42%, Black = 46%.} 1/2-1/2

[Event "World Junior U20 Open 2018"]
[Site "Gebze"]
[Date "2018.09.07"]
[Round "3.42"]
[White "Secheres, Adrian-Simion"]
[Black "Zhao, Chenxi"]
[Result "1/2-1/2"]
[WhiteElo "2408"]
[BlackElo "2275"]
[Annotator "ChessBase"]
[PlyCount "109"]
[EventDate "2018.09.05"]
[EventType "swiss"]
[EventCountry "TUR"]
[SourceTitle "playchess.com"]
[Source "ChessBase"]
[SourceQuality "1"]
[TimeControl "40/5400+30:1800+30"]

1. d4 {[%emt 0:00:30]} b6 {[%emt 0:00:30]} 2. e4 {[%emt 0:00:30]} Bb7 {[%emt 0:00:30]} 3. Bd3 {[%emt 0:01:30]} Nf6 {[%emt 0:01:30]} 4. Nd2 {[%emt 0:00:30]} d6 {[%emt 0:02:30]} 5. Ngf3 {[%emt 0:01:30]} g6 {[%emt 0:01:30]} 6. O-O {[%emt 0:01:30]} Bg7 {[%emt 0:00:30]} 7. Qe2 {[%emt 0:05:30]} O-O {[%emt 0:00:30]} 8. Rd1 {[%emt 0:00:30]} Nc6 {[%emt 0:01:30]} 9. c3 {[%emt 0:10:30]} e5 {[%emt 0:00:30]} 10. Nf1 {[%emt 0:03:30]} exd4 {[%emt 0:00:30]} 11. cxd4 {[%emt 0:00:30]} Re8 {[%emt 0:07:30]} 12. Bg5 {[%emt 0:18:30]} h6 {[%emt 0:01:30]} 13. Bxf6 {[%emt 0:00:30]} Qxf6 {[%emt 0:00:30]} 14. Ba6 {[%emt 0:01:30]} Bxa6 {[%emt 0:10:30]} 15. Qxa6 {[%emt 0:00:30]} Nb4 {[%emt 0:04:30]} 16. Qa4 {[%emt 0:04:30]} a5 {[%emt 0:02:30]} 17. a3 {[%emt 0:00:30]} Na6 {[%emt 0:00:30]} 18. Qc6 {[%emt 0:05:30]} Qe7 {[%emt 0:00:30]} 19. Ng3 {[%emt 0:01:30]} Ra7 {[%emt 0:01:30]} 20. Rac1 {[%emt 0:04:30]} Nb8 {[%emt 0:00:30]} 21. Qb5 {[%emt 0:00:30]} Qd7 {[%emt 0:04:30]} 22. Qb3 {[%emt 0:02:30]} a4 {[%emt 0:02:30]} 23. Qd3 {[%emt 0:00:30]} c5 {[%emt 0:01:30]} 24. Rc2 {[%emt 0:03:30]} Qb7 {[%emt 0:13:30]} 25. h4 {[%emt 0:12:58]} h5 {[%emt 0:03:30]} 26. e5 {[%emt 0:00:36]} Nc6 {[%emt 0:03:30]} 27. Ne4 {[%emt 0:02:12]} dxe5 {[%emt 0:14:45]} 28. dxc5 {[%emt 0:06:19]} Rb8 {[%emt 0:02:50]} 29. cxb6 {[%emt 0:05:08]} Qxb6 {[%emt 0:00:20]} 30. Rdc1 {[%emt 0:00:05]} Ne7 {[%emt 0:01:16]} 31. Nfg5 {[%emt 0:00:33]} Rd8 {[%emt 0:03:51]} 32. Qc4 {[%emt 0:01:48]} Nf5 {[%emt 0:00:30]} 33. Nf3 {[%emt 0:00:22]} Nd4 {[%emt 0:04:01]} 34. Nxd4 {[%emt 0:00:58]} exd4 {[%emt 0:00:08]} 35. Qd3 {[%emt 0:00:29]} Bh6 {[%emt 0:02:16]} 36. Rd1 {[%emt 0:00:57]} Bg7 {[%emt 0:01:50]} 37. Rdc1 {[%emt 0:01:31]} Bh6 {[%emt 0:00:02]} 38. Rd1 {[%emt 0:00:00]} Bg7 {[%emt 0:00:04]} 39. Qc4 {[%emt 0:03:58]} Re8 {[%emt 0:02:53]} 40. Ng5 {[%emt 0:00:00]} Rae7 {[%emt 0:00:00]} 41. Nf3 {[%emt 0:02:36]} Qb3 {[%emt 0:08:44]} 42. Rd3 {[%emt 0:07:30]} Qxc4 {[%emt 0:00:30]} 43. Rxc4 {[%emt 0:00:30]} Re2 {[%emt 0:00:30]} 44. Rb4 {[%emt 0:07:49]} Rc8 {[%emt 0:01:30]} 45. Rxa4 {[%emt 0:02:47]} Rxb2 {[%emt 0:02:30]} 46. Rb4 {[%emt 0:03:41]} Rc1+ {[%emt 0:05:30]} 47. Kh2 {[%emt 0:00:06]} Rxf2 {[%emt 0:01:05]} 48. Rb8+ {[%emt 0:01:35]} Kh7 {[%emt 0:01:00]} 49. Rb7 {[%emt 0:00:17]} Rc3 {[%emt 0:11:21]} 50. Ng5+ {[%emt 0:03:27]} Kh6 {[%emt 0:00:57]} 51. Kg1 {[%emt 0:01:33]} Rxd3 {[%emt 0:02:03]} 52. Kxf2 {[%emt 0:00:16]} Rxa3 {[%emt 0:00:44]} 53. Nxf7+ {[%emt 0:00:30]} Kh7 {[%emt 0:00:00]} 54. Ng5+ {[%emt 0:00:08]} Kh6 {[%emt 0:00:00]} 55. Nf7+ {[%emt 0:00:00]} 1/2-1/2